00977nac a22003017a 4500001001000000003000900010005001700019008003400036040005400070072001300124100001800137100001900155100001800174100002100192100001900213100001600232110005400248245010900302260003900411300000900450490008500459500001100544650002000555650001600575650002600591650003100617650002700648BR0803112BR-BrBNA20240105123538.0230509b bl.|||m| |||| 00| 0 por d aBR-BrBNAbporcBiblioteca Nacional de Agricultura aL01; N101 aAbreu, V.M.N.1 aAbreu, P.G. de1 aSchmidt, G.S.1 aJaenisch, F.R.F.1 aPaiva, D.P. de1 aLudke, J.V.1 aEMBRAPA Suínos e Aves, Concórdia, SC (Brasil)1 aDesempenho produtivo e relação custo x benefício da utilização de forro na criação de aves3 aConcórdia, SC (Brasil): c2005.  a4 p. aComunicado Técnico - EMBRAPA Suínos e Aves (Brazil)vno. 413xISSN 0100-8862 a7 ref. aFRANGO DE CORTE aPERFORMANCE aCUSTO DE PRODUÇÃO aINSTALAÇÃO PARA ANIMAL aCONDIÇÃO AMBIENTAL